000 00485nam a22001937a 4500
999 _c8094
_d8094
003 OSt
005 20191214125947.0
008 180218b1977 bg ||||| |||| 00| 0 ben d
035 _a(BD-JhCC)
040 _aBD-JhCC
_dBD-JhCC
041 _aben
082 _a136.7
_bCOD 1977
100 _aছদরুদ্দীন
245 _aশিশুমন /
_cছদরুদ্দীন
300 _a143 p. :
_c22 cm.
650 _aChild psychology
942 _2ddc
_cBK